|
|
|
|
| LEADER |
02416nam a22005535i 4500 |
| 001 |
978-1-4020-3275-2 |
| 003 |
DE-He213 |
| 005 |
20151121052305.0 |
| 007 |
cr nn 008mamaa |
| 008 |
100301s2005 ne | s |||| 0|eng d |
| 020 |
|
|
|a 9781402032752
|9 978-1-4020-3275-2
|
| 024 |
7 |
|
|a 10.1007/1-4020-3275-7
|2 doi
|
| 040 |
|
|
|d GrThAP
|
| 050 |
|
4 |
|a T385
|
| 050 |
|
4 |
|a TA1637-1638
|
| 050 |
|
4 |
|a TK7882.P3
|
| 072 |
|
7 |
|a UYQV
|2 bicssc
|
| 072 |
|
7 |
|a COM016000
|2 bisacsh
|
| 082 |
0 |
4 |
|a 006.6
|2 23
|
| 100 |
1 |
|
|a Sebe, N.
|e author.
|
| 245 |
1 |
0 |
|a Machine Learning in Computer Vision
|h [electronic resource] /
|c by N. Sebe, Ira Cohen, Ashutosh Garg, Thomas S. Huang.
|
| 264 |
|
1 |
|a Dordrecht :
|b Springer Netherlands,
|c 2005.
|
| 300 |
|
|
|a XVI, 242 p.
|b online resource.
|
| 336 |
|
|
|a text
|b txt
|2 rdacontent
|
| 337 |
|
|
|a computer
|b c
|2 rdamedia
|
| 338 |
|
|
|a online resource
|b cr
|2 rdacarrier
|
| 347 |
|
|
|a text file
|b PDF
|2 rda
|
| 490 |
1 |
|
|a Computational Imaging and Vision,
|x 1381-6446 ;
|v 29
|
| 505 |
0 |
|
|a Theory: Probabilistic Classifiers -- Theory: Generalization Bounds -- Theory: Semi-Supervised Learning -- Algorithm: Maximum Likelihood Minimum Entropy HMM -- Algorithm: Margin Distribution Optimization -- Algorithm: Learning the Structure of Bayesian Network Classifiers -- Application: Office Activity Recognition -- Application: Multimodal Event Detection -- Application: Facial Expression Recognition -- Application: Bayesian Network Classifiers for Face Detection.
|
| 650 |
|
0 |
|a Computer science.
|
| 650 |
|
0 |
|a Mathematical statistics.
|
| 650 |
|
0 |
|a Multimedia information systems.
|
| 650 |
|
0 |
|a User interfaces (Computer systems).
|
| 650 |
|
0 |
|a Computer graphics.
|
| 650 |
1 |
4 |
|a Computer Science.
|
| 650 |
2 |
4 |
|a Computer Imaging, Vision, Pattern Recognition and Graphics.
|
| 650 |
2 |
4 |
|a User Interfaces and Human Computer Interaction.
|
| 650 |
2 |
4 |
|a Multimedia Information Systems.
|
| 650 |
2 |
4 |
|a Probability and Statistics in Computer Science.
|
| 700 |
1 |
|
|a Cohen, Ira.
|e author.
|
| 700 |
1 |
|
|a Garg, Ashutosh.
|e author.
|
| 700 |
1 |
|
|a Huang, Thomas S.
|e author.
|
| 710 |
2 |
|
|a SpringerLink (Online service)
|
| 773 |
0 |
|
|t Springer eBooks
|
| 776 |
0 |
8 |
|i Printed edition:
|z 9781402032745
|
| 830 |
|
0 |
|a Computational Imaging and Vision,
|x 1381-6446 ;
|v 29
|
| 856 |
4 |
0 |
|u http://dx.doi.org/10.1007/1-4020-3275-7
|z Full Text via HEAL-Link
|
| 912 |
|
|
|a ZDB-2-SCS
|
| 950 |
|
|
|a Computer Science (Springer-11645)
|